[Event "XV South American-ch Open U20 2019"]
[Site "Asuncion"]
[Date "2019.05.11"]
[Round "1.1"]
[White "Cantero, Rodolfo"]
[Black "Zapata Charles, Santiago"]
[Result "1/2-1/2"]
[WhiteElo "2059"]
[BlackElo "2322"]
[Annotator "TA"]
[PlyCount "76"]
[EventDate "2019.05.11"]
[EventType "swiss"]
[EventCountry "PAR"]
[SourceTitle "playchess.com"]
[Source "ChessBase"]
[SourceQuality "1"]

{[%evp 15,76,6,16,8,17,10,18,5,33,37,31,11,60,68,56,11,12,11,11,11,11,11,10,7,4,0,0,0,0,0,0,0,0,0,0,0,0,0,0,0,0,0,0,0,5,-17,-17,-17,0,0,0,0,0,0,0,0,0,0,0,0,0,0,0]} 1. e4 e6 2. d4 d5 3. Nc3 Bb4 4. e5 c5 5. a3 Bxc3+ 6. bxc3 Qa5 7. Bd2 Qa4 8. Qg4 Kf8 9. Nf3 {C18: French: 3 Nc3 Bb4: Main line: 7 h4 and 7 Qg4} (9. h4 Nc6 10. h5 h6 11. Qd1 cxd4 12. Nf3 dxc3 13. Bxc3 g5 14. hxg6 Qe4+ 15. Be2 Qxg6 16. Qd2 Nge7 17. Bd3 Qxg2 18. Ke2 Qg4 19. Rh4 Qg7 20. Rg1 Ng6 21. Rf4 Nce7 22. Bb4 a5 23. Rxg6 {1-0 (23) Caruana,F (2804)-Lenderman,A (2599) Saint Louis 2018}) 9... Nc6 10. h3 $146 ({Predecessor:} 10. Qf4 Qxc2 11. dxc5 Nge7 12. Be2 Ng6 13. Qe3 Qe4 14. Qxe4 dxe4 15. Ng5 Ncxe5 16. Nxe4 Bd7 {1-0 (44) Saric,I (2628)-Rapport,R (2680) Kozloduy 2013}) 10... Qxc2 11. dxc5 b6 12. cxb6 axb6 13. Be2 Ba6 14. Bxa6 Rxa6 15. O-O (15. Nd4 $5 {[%cal Rd4c2]} Qa4 16. O-O $14) 15... Nge7 {The position is equal.} 16. Rfc1 Qe4 17. c4 {With the idea cxd5.} Qxg4 18. hxg4 dxc4 19. Rxc4 h5 20. g5 g6 21. Rac1 b5 22. Rc5 Kg7 23. Rxb5 Rxa3 24. Bb4 Nxb4 25. Rxb4 Rha8 26. Rb7 R8a7 (26... Nd5 {is interesting.} 27. Nd4 Kg8 28. Nb5 Rb3 29. Nd6 Rxb7 30. Nxb7 Nf4) 27. Rcc7 Rxb7 28. Rxb7 $11 {[%mdl 4096] Endgame KRN-KRN} Nc6 29. Rc7 Rc3 30. Kh2 {[#] And now Nd4! would win.} Rc4 31. Rb7 Kf8 32. g3 Re4 33. Rb5 $1 Ke8 34. Kg2 Kd8 35. Kh3 Kc7 36. Kg2 Rb4 37. Rxb4 Nxb4 38. Nd2 Nd3 {Accuracy: White = 74%, Black = 56%.} 1/2-1/2

[Event "XV South American-ch Open U20 2019"]
[Site "Asuncion"]
[Date "2019.05.11"]
[Round "1.2"]
[White "Coro, Lucas"]
[Black "Gomez Barrera, Gonzalo Andres"]
[Result "1-0"]
[WhiteElo "2315"]
[BlackElo "2058"]
[Annotator "TA"]
[PlyCount "37"]
[EventDate "2019.05.11"]
[EventType "swiss"]
[EventCountry "PAR"]
[SourceTitle "playchess.com"]
[Source "ChessBase"]
[SourceQuality "1"]

{[%evp 12,37,39,27,52,50,222,247,268,262,400,392,393,402,385,351,397,408,408,362,342,277,427,358,817,841,918,927]} 1. e4 c6 2. d4 d5 3. e5 Bf5 4. Nf3 e6 5. Be2 Nd7 6. O-O h6 7. Nbd2 c5 {B12: Caro-Kann: Advance Variation} (7... g5 8. Nb3 Ne7 9. a4 Bg7 10. a5 O-O 11. c3 b6 12. Be3 Qc7 13. Ne1 f6 14. exf6 Nxf6 15. f4 {0-1 (40) Sethuraman,S (2637)-Iturrizaga Bonelli,E (2639) Dubai 2019}) 8. c4 cxd4 $2 ({Better is} 8... Ne7 $14) 9. Nxd4 $18 Nxe5 $146 {[#]White is clearly better.} ({Predecessor:} 9... Ne7 10. Nxf5 Nxf5 11. cxd5 exd5 12. Nf3 d4 13. Nxd4 Nxd4 14. Qxd4 Qb6 15. Qxb6 Nxb6 {1-0 (28) Leck,G (1910)-Janssen,N (1855) Goch 2016}) 10. cxd5 $1 Qxd5 (10... Bc5 {was necessary.} 11. N2b3 Bxd4) 11. Qa4+ Nd7 12. Bf3 Qc5 13. Bxb7 Rb8 14. Bc6 Ngf6 {With the idea ...Rb4.} 15. N2b3 Qb4 16. Qxa7 Be7 (16... Be4 $142 17. Be3 Qb6 18. Qxb6 Rxb6) 17. Bf4 Rd8 $2 {[#]} (17... O-O 18. Nxf5 exf5 19. Bxb8 Nxb8) 18. a3 Qc4 19. Rac1 {Accuracy: White = 100%, Black = 18%.} 1-0

[Event "XV South American-ch Open U20 2019"]
[Site "Asuncion"]
[Date "2019.05.11"]
[Round "1.3"]
[White "Benitez Galeano, Alejandro"]
[Black "Munoz, Francisco Javier"]
[Result "0-1"]
[WhiteElo "2052"]
[BlackElo "2308"]
[Annotator "TA"]
[PlyCount "64"]
[EventDate "2019.05.11"]
[EventType "swiss"]
[EventCountry "PAR"]
[SourceTitle "playchess.com"]
[Source "ChessBase"]
[SourceQuality "1"]

{[%evp 13,64,0,4,0,0,-14,7,14,8,4,4,9,16,-9,-12,-18,52,31,48,54,45,22,19,23,20,0,0,0,-5,-22,-8,-4,-12,-9,0,0,0,-222,-228,-275,-275,-264,-255,-276,-279,-280,-263,-220,-220,-377,-573,-1950,-1943]} 1. Nf3 Nf6 2. c4 e6 3. b3 d5 4. Bb2 Be7 5. e3 O-O 6. Nc3 c5 7. cxd5 Nxd5 8. Qc2 {A13: English Opening: 1...e6} (8. Be2 b6 9. Nxd5 exd5 10. d4 a5 11. dxc5 bxc5 12. O-O Be6 13. Bb5 Qb6 14. Qe2 Nc6 15. Rac1 Rac8 {0-1 (47) Nakamura,H (2746)-Caruana,F (2832) London 2018}) 8... b6 9. a3 Nc6 {[%cal Bb8c6,Bc6a5,Ba5b7,Bb7d6,Bd6e4][%mdl 32]} 10. h4 {The position is equal.} f5 11. Nxd5 exd5 12. d4 Be6 13. Bb5 $146 ({Predecessor:} 13. Ng5 Bxg5 14. hxg5 c4 15. g6 hxg6 16. bxc4 {1-0 (86) Cheparinov,I (2689)-Fridman,D (2594) Caleta 2017}) 13... Na5 14. Bc3 Qc7 ({Black should try} 14... Nb7 $11) 15. O-O Nb7 16. dxc5 bxc5 17. Be2 Nd6 18. Qb2 Bf6 19. Rac1 Bxc3 20. Rxc3 Ne4 21. Rcc1 f4 22. Bd3 fxe3 23. fxe3 Qb6 $36 {[%mdl 2048] Black has good play.} 24. Bxe4 dxe4 25. Nd2 $2 (25. Ng5 $11 {and White stays safe.}) 25... c4 $1 $19 {[%cal Bc5c4,Bc4b3][%mdl 96] [#] Discovered Attack} 26. Rfe1 cxb3 27. Nxe4 Rac8 28. Ng5 {intending Qe5.} Rxc1 29. Qxc1 h6 30. Nxe6 Qxe6 31. Re2 $2 {[#]} (31. Qc3 {was worth a try.}) 31... Rc8 (31... a5 $142 32. Qc3 a4) 32. Qe1 Qe4 {Accuracy: White = 56%, Black = 72%.} 0-1

[Event "XV South American-ch Open U20 2019"]
[Site "Asuncion"]
[Date "2019.05.11"]
[Round "1.4"]
[White "Donoso Diaz, Sebastian"]
[Black "Cosme Contreras, Trilce"]
[Result "1/2-1/2"]
[WhiteElo "2251"]
[BlackElo "2051"]
[Annotator "TA"]
[PlyCount "163"]
[EventDate "2019.05.11"]
[EventType "swiss"]
[EventCountry "PAR"]
[SourceTitle "playchess.com"]
[Source "ChessBase"]
[SourceQuality "1"]

{[%evp 10,162,38,29,24,31,29,-43,-42,-32,-30,-43,0,-20,0,0,18,0,76,-57,53,51,68,76,95,60,95,39,90,90,88,79,108,131,101,99,136,0,0,0,0,-13,-8,-4,0,0,0,-7,0,-12,20,0,23,0,90,103,168,150,236,231,661,641,614,606,760,693,693,686,679,678,548,81,81,88,106,106,6589,5812,29969,29951,12487,1481,648,0,0,0,0,0,0,0,0,0,0,0,0,0,0,0,0,0,0,0,0,0,0,0,0,0,0,0,0,0,0,0,0,0,0,0,0,0,0,0,0,0,0,0,0,0,0,0,0,0,0,0,0,0,0,0,0,0,0,0,0,0,0,0,0,0,0,0,0,0,0,0,0]} 1. d4 Nf6 2. c4 g6 3. Nc3 Bg7 4. e4 d6 5. h3 O-O 6. Be3 Nfd7 {E71: King's Indian: 4 e4 d6 5 h3} (6... e5 7. d5 a5 8. g4 Na6 9. Nge2 Nd7 10. Qd2 Ndc5 11. Ng3 c6 12. Be2 cxd5 13. cxd5 a4 14. h4 Bd7 15. h5 Rc8 {0-1 (39) Caruana,F (2832)-Nakamura,H (2746) London 2018}) 7. g4 a6 $146 ({Predecessor:} 7... e5 8. d5 Qe7 9. h4 h6 10. Qd2 Kh7 11. h5 g5 12. b4 b6 13. a4 Na6 14. Rb1 Bb7 15. b5 Nac5 16. f3 f6 17. Nh3 Qd8 {½-½ (17) Corbett,C (1508)-Heubach,M (1252) Hagen 2002}) 8. h4 (8. Nf3 $11) 8... c5 $1 $15 {Black is slightly better.} 9. d5 b5 10. Be2 bxc4 11. f4 Qb6 12. Rb1 Bd4 13. Bd2 e6 (13... a5 $11) 14. g5 (14. h5 $1 $16) 14... Re8 ({Black should try} 14... e5 $1 $15) 15. dxe6 $1 $14 fxe6 16. h5 Nf8 17. Bxc4 Ra7 18. Nge2 (18. Nf3 $16) 18... Nc6 (18... Rf7 $14) 19. Nxd4 $16 Nxd4 20. Be3 Rf7 21. O-O Bb7 22. b4 Qa7 23. b5 (23. Rf2 $16) 23... axb5 $11 24. Nxb5 Nxb5 25. Bxb5 Rd8 26. Qc2 $132 {[%mdl 2048] White is not keeping still} Qa8 27. Bd3 Ba6 28. Bxa6 Qxa6 29. h6 Ra7 30. Rb2 Qa4 31. Rd1 Qxc2 (31... Qc6 $1 $11 {remains equal.}) 32. Rxc2 $16 Rdd7 (32... Rad7 $16 {keeps fighting.}) 33. Rcd2 $1 $18 Ra6 {[#]} (33... Rf7 $16 {is a better defense.}) 34. Bxc5 $1 {[%mdl 512]} dxc5 $2 (34... d5 35. exd5 exd5 36. Bxf8 (36. Rxd5 Rxd5 37. Rxd5 Ne6 $18) 36... Kxf8 37. Rxd5 Rxd5 38. Rxd5 Ke8) 35. Rxd7 Nxd7 36. Rxd7 Rxa2 {[%mdl 4096] Endgame KR-KR} 37. Rg7+ Kh8 38. Re7 {[%cal Re7e8]} Ra8 39. Rc7 Kg8 40. Rxc5 $2 (40. Kg2 $18 {has better winning chances.} Rf8 41. Kg3 (41. Rxc5 Rxf4 42. Re5 Kf7 $16)) 40... Rf8 $16 41. Kf2 Rxf4+ 42. Ke3 Rf8 $2 {[%mdl 8192] [#]} (42... e5 $16 43. Rxe5 Rf7 44. Re8+ Rf8) 43. Kd4 $1 $18 Re8 44. Ke5 Kf7 45. Rc7+ Re7 {[#]} 46. Kd6 $2 (46. Rc8 $1 $18 {[%cal Rc8h8] aiming for Rh8.} Ra7 47. Rh8 Ra5+ 48. Kd6 Ra6+ 49. Kd7 Ra7+ 50. Kc6) 46... Rxc7 $11 {The position is equal.} 47. Kxc7 {e5 would kill now. K3P-K3P} e5 $1 48. Kd7 Kf8 49. Ke6 Ke8 50. Kf6 Kf8 51. Ke6 Ke8 52. Kd6 Kd8 53. Kc5 Kc7 54. Kb5 Kb7 55. Kc5 Kc7 56. Kd5 Kd7 57. Kxe5 {Threatens to win with Kf6. K3P-KPP} Ke7 $1 58. Kd5 Kd7 59. Kc5 {White threatens Kd5 and mate.} Kc7 60. Kb5 {And now Kc5 would win.} Kd6 61. Kc4 Ke5 62. Kd3 Ke6 63. Ke2 Kd6 64. Kf3 Kc5 65. Kg4 Kd6 66. Kf3 Ke6 (66... Ke5 $5) 67. Ke2 Kd6 68. Kd3 Ke5 69. Ke3 Ke6 70. Kd4 Kd6 71. e5+ Ke6 72. Ke4 Ke7 73. Kd5 Kd7 74. Kc5 Ke6 75. Kd4 Ke7 76. Kd5 Kd7 77. e6+ $1 Ke8 78. Kd4 Ke7 79. Ke5 Ke8 80. Kd6 {Threatening mate with e7.} Kd8 81. e7+ Ke8 82. Ke6 {Accuracy: White = 62%, Black = 54%.} 1/2-1/2

[Event "XV South American-ch Open U20 2019"]
[Site "Asuncion"]
[Date "2019.05.11"]
[Round "1.5"]
[White "Mayeregger, Arnold"]
[Black "Gimenez Aguirre, Alejo Ismael"]
[Result "1/2-1/2"]
[WhiteElo "1913"]
[BlackElo "2247"]
[Annotator "TA"]
[PlyCount "62"]
[EventDate "2019.05.11"]
[EventType "swiss"]
[EventCountry "PAR"]
[SourceTitle "playchess.com"]
[Source "ChessBase"]
[SourceQuality "1"]

{[%evp 9,62,14,15,22,37,25,35,26,16,18,22,-15,-8,-15,17,1,14,-24,-24,-22,-25,-13,-19,-18,-14,-24,0,-21,56,56,52,38,40,47,88,47,55,35,36,-30,0,0,0,0,106,99,98,109,106,106,103,103,119,70,73]} 1. d4 Nf6 2. Nf3 e6 3. Bf4 b5 (3... c5 4. e3 cxd4 5. exd4 b6 6. Bd3 Bb7 7. h3 Be7 8. O-O d6 9. a4 a6 10. Bh2 O-O 11. Nbd2 Nbd7 12. Re1 Re8 13. Qe2 {0-1 (45) Maghsoodloo,P (2688)-Sjugirov,S (2663) St Petersburg 2018}) 4. e3 b4 5. Nbd2 $146 ({Predecessor:} 5. a3 Bb7 6. axb4 Bxb4+ 7. Nbd2 O-O 8. Bd3 d5 9. c3 Bd6 10. Qb3 Qc8 11. Bxd6 cxd6 {½-½ (34) Ravi,T (2302)-Stopa,J (2510) Hyderabad 2013}) 5... Be7 6. Bd3 {A46: 1 d4 Nf6 2 Nf3 e6: Torre, London and Colle Systems} c5 7. dxc5 Bxc5 8. Qe2 Nc6 9. Rd1 Bb7 10. Nb3 Be7 11. e4 Nh5 12. Be3 Qc7 13. g3 Nf6 14. Nc5 Bxc5 15. Bxc5 d6 16. Be3 O-O 17. O-O Rac8 18. Bf4 Ne5 (18... Rfe8 $11) 19. Nxe5 $14 dxe5 20. Bd2 a5 21. c3 Qb6 22. cxb4 (22. Be3 {feels hotter.} Qc7 23. cxb4 axb4 24. f3 Qa5 25. Bd2) 22... axb4 23. Qe1 Rfd8 24. Bxb4 ({White should play} 24. Be3 $14 Qa5 25. f3) 24... Rxd3 (24... Nxe4 $5 25. Bxe4 (25. Ba5 $2 Ng5 $19) 25... Rxd1 26. Qxd1 Bxe4 $15) 25. Rxd3 {[#] And now Ba5 would win.} Nxe4 26. Bc3 f5 (26... Qc6 $11 {remains equal.} 27. f3 Ba6 28. Qxe4 Qxe4 29. fxe4 Bxd3) 27. Qe3 $16 Qxe3 28. Rxe3 ({Reject} 28. fxe3 $6 Ba6 $11) 28... f4 29. Rxe4 Bxe4 30. Re1 Bd5 31. Rxe5 fxg3 {Accuracy: White = 60%, Black = 45%.} 1/2-1/2

[Event "XV South American-ch Open U20 2019"]
[Site "Asuncion"]
[Date "2019.05.11"]
[Round "1.6"]
[White "Aguilar, Luis Miguel"]
[Black "Araoz Andrade, Ivan Alexander"]
[Result "1-0"]
[WhiteElo "2193"]
[BlackElo "1843"]
[Annotator "TA"]
[PlyCount "63"]
[EventDate "2019.05.11"]
[EventType "swiss"]
[EventCountry "PAR"]
[SourceTitle "playchess.com"]
[Source "ChessBase"]
[SourceQuality "1"]

{[%evp 15,63,6,21,-33,0,0,38,21,39,12,48,53,125,49,79,81,90,98,93,97,71,60,50,43,87,91,102,110,135,69,130,48,121,-47,0,0,0,-46,100,76,529,570,838,795,805,668,1840,1693,29998,29999]} 1. g3 c5 2. Bg2 g6 3. e4 Bg7 4. Ne2 Nc6 5. c3 e5 6. d3 Nge7 7. Be3 d6 8. O-O O-O 9. Nd2 {B20: Sicilian: Unusual White 2nd moves} (9. f4 $11) 9... f5 (9... b6 10. f4 d5 11. h3 exf4 12. gxf4 Re8 13. e5 Be6 14. d4 Qd7 15. Kh2 Nf5 16. Bf2 cxd4 17. Nxd4 Ncxd4 18. Bxd4 Nxd4 19. cxd4 {½-½ (38) Mamedyarov,S (2733)-Vachier Lagrave,M (2710) Beijing 2011}) 10. f4 h6 11. Nf3 {White is slightly better.} b6 12. Nh4 $146 ({Predecessor:} 12. Qb3+ Kh7 13. Rad1 Ba6 14. Qa4 Qc8 15. Nh4 fxe4 16. fxe5 Rxf1+ 17. Rxf1 {0-1 (27) Anurag,M (2301)-Ruiz Sanchez,O (2416) Barbera del Valles 2012}) 12... Bd7 (12... Qe8 {with more complications.} 13. exf5 Nxf5 14. Qd2 Kh7 15. Nxg6 Kxg6 16. g4 Nxe3 17. Qxe3 Bxg4 18. Be4+ Bf5) 13. exf5 gxf5 {[#]} (13... Nxf5 $14 14. Nxf5 gxf5) 14. fxe5 (14. g4 $1 $16) 14... dxe5 $14 15. d4 {Black must now prevent d5.} cxd4 16. cxd4 e4 17. Nf4 Kh7 18. d5 Ne5 19. Bd4 Rc8 20. Bh3 Rc4 {next ...Rxd4 is good for Black.} 21. Bc3 b5 22. a3 (22. Kh1 $16) 22... a5 (22... Rxc3 $14 23. bxc3 Nc4) 23. Qe2 (23. Kh1 $16) 23... Qc8 ({Better is} 23... Bf6 $14) 24. d6 $2 (24. Rad1 $16) 24... Qc5+ 25. Kh1 Qxd6 26. Bxa5 Nf3 (26... Nd3 $15 {keeps the upper hand.}) 27. Rad1 $36 {[%cal Ba1d1,Bd1d6,Bd6h6][%mdl 2080] Black is under strong pressure.} ({But not} 27. Nxf3 $6 exf3 28. Rxf3 Bc6 $11) 27... Qc6 $2 {[%mdl 8192]} (27... Nd4 $16 {is tougher.}) 28. Nxf3 $18 exf3 29. Qxe7 Bc8 30. Bc3 {[%csl Gc3][%cal Re7g7]} Rg8 31. Rd6 Qc5 {[#]} 32. Rxh6+ $1 {[%mdl 576] Pin. Accuracy: White = 42%, Black = 16%.} 1-0

[Event "XV South American-ch Open U20 2019"]
[Site "Asuncion"]
[Date "2019.05.11"]
[Round "1.7"]
[White "Melian, Juan Sebastian"]
[Black "Zambrano Acebo, Jean Junior"]
[Result "0-1"]
[WhiteElo "1786"]
[BlackElo "2174"]
[Annotator "TA"]
[PlyCount "74"]
[EventDate "2019.05.11"]
[EventType "swiss"]
[EventCountry "PAR"]
[SourceTitle "playchess.com"]
[Source "ChessBase"]
[SourceQuality "1"]

{[%evp 13,74,2,4,-27,-14,-56,-65,-70,-66,-77,-45,-50,-53,-101,-70,-92,-83,-75,-83,-74,-66,-58,-72,-64,-57,-92,-92,-242,-241,-242,-244,-275,-217,-252,-251,-250,-262,-306,-60,-87,-78,-86,-50,-57,-50,-57,-50,-52,-50,-62,-8,-72,-47,-498,-500,-486,-482,-29993,-29994,-29994,-590,-663,-655]} 1. Nf3 Nf6 2. d4 e6 3. Bg5 h6 4. Bh4 b6 5. Nbd2 Bb7 6. e3 c5 7. c3 Be7 8. Ne5 {A46: 1 d4 Nf6 2 Nf3 e6: Torre, London and Colle Systems} (8. Bd3 Nc6 9. a3 O-O 10. O-O cxd4 11. cxd4 Rc8 12. Qe2 Nh5 13. Bxe7 Qxe7 14. Rac1 Nf6 15. Rc2 Nb8 16. Rfc1 Rxc2 17. Rxc2 Rc8 18. Rxc8+ Bxc8 19. e4 {1-0 (58) Carlsen,M (2837)-Korobov,A (2652) Riadh 2017}) 8... O-O 9. f4 $146 ({Predecessor:} 9. Bxf6 Bxf6 10. Qh5 cxd4 11. exd4 Bxe5 12. Qxe5 d6 13. Qe3 Nd7 14. Bd3 Nf6 15. O-O Rb8 {0-1 (38) Rozhko,D (2337)-Andreev,E (2473) Sochi 2014}) 9... d6 10. Nef3 {Black is slightly better.} Ng4 11. Bf2 Nd7 12. Bd3 cxd4 13. exd4 e5 14. fxe5 dxe5 {Threatens to win with ...Ndf6.} 15. O-O f5 {White must now prevent ...e4.} 16. dxe5 Ndxe5 17. Nxe5 Nxe5 18. Be2 Qc7 19. Bg3 Rad8 {Hoping for ...Bg5.} 20. Qb3+ (20. Kh1 $17 {is a better defense.}) 20... Bd5 $19 21. Qc2 {[#]} Bc5+ $1 22. Kh1 Qb7 {[%csl Gb7][%cal Rd5g2]} 23. Bf3 Nxf3 24. Nxf3 Be4 25. Qb3+ Qd5 $2 ({Better is} 25... Kh7 $19 {And now ...Rd3 would win.} 26. Qc4 Rfe8) 26. Rad1 Qxb3 $40 {[%mdl 128] White is in trouble.} 27. axb3 g5 28. b4 Be3 {Strongly threatening ...Rxd1.} 29. Bc7 Rxd1 30. Rxd1 g4 31. Ne5 h5 ({Black should try} 31... Re8 $15) 32. Nc4 (32. Ng6 $11 {remains equal.}) 32... f4 33. Rd8 $2 {[%mdl 8192]} (33. Nxe3 $15 fxe3 34. Rd8) 33... Rxd8 34. Bxd8 Bf2 {( -> ...f3)} 35. Bg5 {[#]} (35. Nd2 $19 Bd3 36. Nb3) 35... f3 {[%csl Ge4][%cal Rf3g2]} 36. Ne3 fxg2+ (36... h4 $142 37. Bxh4 Bxe3 38. Bf2 Bxf2 39. g3 Be3 40. h4 f2+ 41. Kh2 f1=N#) 37. Nxg2 h4 {Accuracy: White = 31%, Black = 61%.} 0-1

[Event "XV South American-ch Open U20 2019"]
[Site "Asuncion"]
[Date "2019.05.11"]
[Round "1.8"]
[White "Heinechen, Juan"]
[Black "Orrego Palermo, Marcelo"]
[Result "1-0"]
[WhiteElo "2123"]
[BlackElo "1632"]
[Annotator "TA"]
[PlyCount "45"]
[EventDate "2019.05.11"]
[EventType "swiss"]
[EventCountry "PAR"]
[SourceTitle "playchess.com"]
[Source "ChessBase"]
[SourceQuality "1"]

{[%evp 11,45,37,38,38,41,37,59,50,65,58,47,57,63,62,64,46,67,35,72,63,82,80,108,99,560,562,546,423,392,394,440,440,828,822,833,826]} 1. e4 d5 2. exd5 Qxd5 3. Nc3 Qd6 4. d4 Nf6 5. Nf3 a6 6. h3 Bf5 7. Bd3 {B01: Scandinavian Defence} (7. Bc4 e6 8. O-O Nc6 9. Re1 Be7 10. Bg5 Rd8 11. Qe2 Nxd4 12. Nxd4 Qxd4 13. Rad1 Qc5 14. Rxd8+ Bxd8 15. Bxf6 Bxf6 {0-1 (61) Deszczynski,A (2348)-Gashimov,V (2608) Warsaw 2005}) 7... Bxd3 8. Qxd3 Nc6 9. O-O {White is slightly better.} h6 10. Ne4 Nxe4 11. Qxe4 {Black must now prevent d5.} e6 $146 ({Predecessor:} 11... O-O-O 12. c3 e6 13. Re1 Qd5 14. Qxd5 Rxd5 15. Bf4 Be7 16. Re2 Rhd8 17. Rae1 Bf6 18. g3 g5 19. Be5 Bxe5 20. Nxe5 Nxe5 21. Rxe5 {½-½ (21) Rako,I (2142)-Olle,P (2185) Hungary 2007}) 12. Bf4 Qd7 13. c4 {And now d5 would win.} O-O-O {[%cal Rc6d4]} 14. Rfd1 {[#] Threatens to win with d5.} (14. Rad1 $5 {[%cal Rd4d5]} Bd6 15. Bxd6 Qxd6 16. Rfe1 $14) 14... g5 15. d5 $36 {[%mdl 2048] White is pushing.} f5 16. Qe2 exd5 17. cxd5 ({Much worse is} 17. Rxd5 $6 Qe7 $11) 17... Ne7 $2 {[%mdl 8192] [#]} (17... Nb4 $16 {is more resistant.} 18. Be5 Rh7) 18. Bxc7 $1 $18 {[%mdl 576] Decoy} Kxc7 19. Qe5+ Qd6 {...Qxe5 is the strong threat.} 20. Qxh8 Nxd5 21. Qh7+ {White is clearly winning.} Rd7 (21... Qd7 $142 22. Rac1+ Kb8 23. Qxd7 Rxd7) 22. Qxf5 Bg7 23. Rac1+ {Played: Rd1-d2} 1-0

[Event "XV South American-ch Open U20 2019"]
[Site "Asuncion"]
[Date "2019.05.11"]
[Round "1.9"]
[White "Allo Collante, Enrique"]
[Black "Estrada Lavin, Cristian Alexand"]
[Result "0-1"]
[WhiteElo "1595"]
[BlackElo "2116"]
[Annotator "TA"]
[PlyCount "60"]
[EventDate "2019.05.11"]
[EventType "swiss"]
[EventCountry "PAR"]
[SourceTitle "playchess.com"]
[Source "ChessBase"]
[SourceQuality "1"]

{[%evp 9,60,-2,0,0,0,-10,44,-27,-27,-30,-41,-44,-30,-45,-44,-61,-67,-72,-69,-66,-15,-82,0,-170,-164,-157,-159,-153,-106,-108,-40,-165,-172,-204,-135,-196,-187,-224,-235,-211,-225,-212,-71,-92,-75,-79,-61,-106,-64,-1318,-1342,-1647,-1641]} 1. d4 d5 2. Bf4 Nf6 3. e3 c5 4. Nf3 Nc6 5. Nbd2 (5. c3 e6 6. Nbd2 cxd4 7. exd4 Nh5 8. Bg5 f6 9. Be3 Bd6 10. g3 O-O 11. Nh4 g6 12. Be2 Ng7 13. O-O e5 14. dxe5 fxe5 {½-½ (59) Aronian,L (2767)-Nakamura,H (2777) chess.com INT 2018}) 5... Qb6 {[%cal Rc5d4]} 6. dxc5 {D02: 1 d4 d5 2 Nf3 sidelines, including 2...Nf6 3 g3 and 2...Nf6 3 Bf4} Qxb2 7. Rb1 Qxa2 (7... Qc3 $11) 8. Nb3 $146 (8. Bb5 $14) ({Predecessor:} 8. Bb5 Qa5 9. O-O Bd7 10. c4 Qd8 11. Ne5 e6 12. Bxc6 bxc6 {1-0 (38) Laveryd,P (2368)-Sjodahl,P (2410) Sweden 2018}) 8... Qa3 $11 9. c3 Ne4 10. Qc2 Nxc5 11. Nxc5 Qxc5 12. Rb5 Qa3 13. Rb3 Qa5 14. Bb5 Bd7 ({Black should play} 14... f6 $15 15. O-O a6 16. Bxc6+ bxc6) 15. Bd3 {[#]} (15. Be2 $11 {keeps the balance.}) 15... g6 (15... f6 $1 $17 {White must now prevent ...e5.} 16. Rxb7 e5) 16. Ne5 $2 (16. Rxb7 $11 {and White is okay.} Rc8 17. Rb5) 16... Nxe5 $19 17. Bxe5 f6 18. Bg3 Rc8 {[%cal Ba8c8,Bc8c5,Bc5c4,Bc4g4][%mdl 32]} 19. O-O b5 ({Black should try} 19... Bc6 $17 20. Qb2 Qc5) 20. Rfb1 {[#]} (20. Qb2 $1 $15) 20... a6 $1 21. Qb2 Rc5 22. Ra1 (22. e4 $17) 22... Qb6 23. Rba3 Bc8 24. e4 dxe4 25. Bxe4 Bg7 (25... e5 $19 {has better winning chances. Threatens to win with ...Be7.} 26. R3a2 Bh6) 26. Bf4 $17 Rc4 27. Be3 Qd6 28. Bc2 Qc6 {Hoping for ...Rg4!} 29. Bd2 $2 {[%mdl 8192] [#]} (29. Bd1 $15) 29... Rg4 $1 $19 {[%csl Gg4][%cal Rc6g2]} 30. g3 Bb7 {Accuracy: White = 25%, Black = 40%.} 0-1

[Event "XV South American-ch Open U20 2019"]
[Site "Asuncion"]
[Date "2019.05.11"]
[Round "1.10"]
[White "Vazquez, Facundo"]
[Black "Avalos Sanabria, Augusto Alfredo"]
[Result "1-0"]
[WhiteElo "2086"]
[BlackElo "1474"]
[Annotator "NA RC"]
[PlyCount "43"]
[EventDate "2019.05.11"]
[EventType "swiss"]
[EventCountry "PAR"]
[SourceTitle "playchess.com"]
[Source "ChessBase"]
[SourceQuality "1"]
[TimeControl "5400+30"]

1. d4 d5 2. c4 c6 3. cxd5 cxd5 4. Nc3 Nf6 5. f3 e6 6. e4 Be7 7. e5 Nfd7 8. f4 O-O 9. Nf3 f6 10. Bd3 fxe5 11. fxe5 Nc6 12. O-O Qb6 13. Na4 Qd8 14. a3 b6 15. Qc2 Bb7 16. Bxh7+ Kh8 17. Bg6 Rc8 18. Qe2 a6 19. Be3 Na5 20. Nh4 Bg5 21. Qh5+ Bh6 22. Bxh6 1-0

[Event "XV South American-ch Open U20 2019"]
[Site "Asuncion"]
[Date "2019.05.11"]
[Round "1.11"]
[White "Ayala Ruiz, Miguel Angel"]
[Black "Suarez, Pedro"]
[Result "0-1"]
[WhiteElo "1444"]
[BlackElo "2077"]
[Annotator "NA RC"]
[PlyCount "56"]
[EventDate "2019.05.11"]
[EventType "swiss"]
[EventCountry "PAR"]
[SourceTitle "playchess.com"]
[Source "ChessBase"]
[SourceQuality "1"]
[TimeControl "5400+30"]

1. e4 d6 2. d4 Nf6 3. Nc3 Nbd7 4. Nf3 e5 5. dxe5 dxe5 6. a3 Be7 7. Bc4 O-O 8. O-O c6 9. Qe2 b5 10. Ba2 a5 11. Nb1 Qc7 12. Nbd2 Nc5 13. Ne1 Rd8 14. c3 Be6 15. Bxe6 Nxe6 16. Ndf3 Nc5 17. Nd2 Bf8 18. Nc2 Rd7 19. b4 Na4 20. c4 Nc3 21. Qe3 axb4 22. axb4 Rxa1 23. Nxa1 Bxb4 24. Nc2 c5 25. f3 h6 26. cxb5 Nxb5 27. Nc4 Bc3 28. N2a3 Bd4 0-1